| 000 | 00716nam a2200217 a 4500 | ||
|---|---|---|---|
| 001 | 000048645 | ||
| 003 | DO-SdBNP | ||
| 005 | 20240305073656.0 | ||
| 007 | ta | ||
| 008 | 190404s2016 dr 000 m spa d | ||
| 020 | _a9789945596342 | ||
| 040 |
_aDO-SdBNP _bspa _cBNPHU |
||
| 082 | 4 |
_axxxx _bH557p |
|
| 100 | 1 |
_aHernández Fortuna, Arsenio _937797 |
|
| 245 | 1 | 3 |
_aLa peligrosa transición de la hegemonía de Estados Unidos (Occidente) a la de China (Oriente) / _cArsenio Hernández Fortuna ; prólogo Rubén Silié Valdez. |
| 260 |
_aSanto Domingo : _b3C Print, _c2016. |
||
| 300 |
_a251 p. ; _c22 cm. |
||
| 590 | _aInventariado, 2019/LP | ||
| 700 | 1 |
_aSilié, Rubén, _d1946- _epról. _91421 |
|
| 942 |
_2ddc _cLBS1 |
||
| 999 |
_c48133 _d48133 |
||